| 000 | 00806nam a2200277Ia 4500 | ||
|---|---|---|---|
| 999 |
_c29415 _d29415 |
||
| 003 | GCL | ||
| 005 | 20240530102040.0 | ||
| 008 | 140319s9999 xx 000 0 ara d | ||
| 040 |
_aGCL / _cGCL |
||
| 082 | 0 | 4 |
_a190 _bا ف |
| 100 | 1 | _aبورر، جون ر. | |
| 245 | 1 | 0 |
_aالفلسفة وقضايا العصر / _cبورر، جون ر. |
| 260 |
_a[S.N] : _bالهيئة المصرية العامة للكتاب ، _c1991 |
||
| 300 | _a266 | ||
| 650 | 0 | 4 | _aالفلسفة |
| 650 | 0 | 4 | _aفلسفة |
| 650 | 0 | 4 | _aالفن |
| 650 | 0 | 4 | _aالفلاسفة |
| 650 | 0 | 4 | _aالمعرفة |
| 650 | 0 | 4 | _aالنقدية ( فلسفة ) |
| 650 | 0 | 4 | _aالشك |
| 650 | 0 | 4 | _aالمطربات |
| 700 | 1 | _aينجر، ميلتون جولد | |
| 700 | 1 | _aاحمد حمدى محمود | |
| 942 |
_2ddc _cBK |
||